[Event "First Saturday Tournament Budapest"]
[Site "Budapest"]
[Date "2012.06.02"]
[Round "1.1"]
[White "To, Nhat Minh"]
[Black "Wang, Doudou"]
[Result "1-0"]
[WhiteElo "2298"]
[BlackElo "2130"]
[PlyCount "113"]
[EventDate "2012.06.02"]

1. Nf3 Nf6 2. c4 c5 3. Nc3 Nc6 4. d4 cxd4 5. Nxd4 g6 6. e4 Bg7 7. Be3 O-O 8.
Be2 d6 9. O-O a6 10. Qd2 Nxd4 11. Bxd4 Bd7 12. f3 Rb8 13. Rfd1 Bc6 14. Rac1 b5
15. cxb5 axb5 16. b4 Qd7 17. a4 bxa4 18. b5 Ba8 19. Nxa4 Qb7 20. Rc6 Rfc8 21.
Rdc1 Ne8 22. Be3 Rxc6 23. Rxc6 Qd7 24. Rc1 Bb7 25. Nc5 Qd8 26. Nxb7 Rxb7 27.
Rc6 Qd7 28. Qc2 d5 29. exd5 Qxd5 30. Rc8 Qd7 31. Qc6 Bd4 32. Rxe8+ Kg7 33. Kf2
Bxe3+ 34. Kxe3 Qf5 35. Qxb7 Qc5+ 36. Kd3 Qa3+ 37. Kd2 Qb2+ 38. Ke3 Qc3+ 39. Bd3
Qc5+ 40. Kd2 Qb4+ 41. Ke2 Qb2+ 42. Ke3 Qc1+ 43. Kd4 Qb2+ 44. Kd5 Qb3+ 45. Bc4
Qd1+ 46. Ke4 Qe1+ 47. Kd3 Qd1+ 48. Kc3 Qc1+ 49. Kb4 Qb2+ 50. Ka5 Qa1+ 51. Kb6
Qd4+ 52. Kc7 Qxc4+ 53. Qc6 Qf4+ 54. Kb7 Qe5 55. b6 h5 56. h4 Kh7 57. Qd7 1-0

[Event "First Saturday Tournament Budapest"]
[Site "Budapest"]
[Date "2012.06.02"]
[Round "1.2"]
[White "Kojima, Shinya"]
[Black "Wang, Xinyue"]
[Result "0-1"]
[WhiteElo "2264"]
[BlackElo "2041"]
[PlyCount "92"]
[EventDate "2012.06.02"]

1. Nf3 d5 2. d4 Nf6 3. c4 c6 4. Nc3 e6 5. Bg5 dxc4 6. a4 Bb4 7. e4 Bxc3+ 8.
bxc3 Qa5 9. e5 Ne4 10. Bd2 Qd5 11. a5 c5 12. Qa4+ Bd7 13. Qxc4 Bc6 14. Be3 Qxc4
15. Bxc4 Nxc3 16. dxc5 Nd7 17. Rc1 Nd5 18. Bd4 Nf4 19. O-O g5 20. Ne1 h5 21. f3
Rc8 22. Rf2 Ke7 23. Rb1 Rhd8 24. Rfb2 Nb6 25. cxb6 Rxd4 26. bxa7 Rxc4 27. Rxb7+
Ke8 28. a6 g4 29. fxg4 hxg4 30. R7b4 Rxb4 31. Rxb4 Nd5 32. Rxg4 Ke7 33. Nf3 Ra8
34. Nd4 Bd7 35. h4 Rxa7 36. Rg8 Nf4 37. g4 Rxa6 38. h5 Ra3 39. h6 Rg3+ 40. Kf2
Rh3 41. g5 Ng6 42. Nf3 Bc6 43. Ng1 Rh5 44. Nf3 Bxf3 45. Kxf3 Rxg5 46. h7 Rh5
0-1

[Event "First Saturday Tournament Budapest"]
[Site "Budapest"]
[Date "2012.06.02"]
[Round "1.3"]
[White "Galyas, Miklos"]
[Black "Szeberenyi, Adam"]
[Result "1/2-1/2"]
[WhiteElo "2403"]
[BlackElo "2335"]
[PlyCount "40"]
[EventDate "2012.06.02"]

1. e4 c6 2. d4 d5 3. Nc3 dxe4 4. Nxe4 Bf5 5. Ng3 Bg6 6. Bc4 e6 7. N1e2 Bd6 8.
O-O Nd7 9. Bb3 Ne7 10. Nf4 Qc7 11. Qf3 Nf6 12. Re1 O-O-O 13. c3 Kb8 14. a4 h5
15. Nxg6 Nxg6 16. Bc2 h4 17. Nf1 Nf4 18. b4 g5 19. h3 N6d5 20. Bd2 f5 1/2-1/2

[Event "First Saturday Tournament Budapest"]
[Site "Budapest"]
[Date "2012.06.03"]
[Round "2.1"]
[White "Wang, Doudou"]
[Black "Szeberenyi, Adam"]
[Result "1-0"]
[WhiteElo "2130"]
[BlackElo "2335"]
[PlyCount "65"]
[EventDate "2012.06.02"]

1. d4 Nf6 2. c4 g6 3. Nc3 d5 4. Nf3 Bg7 5. Qb3 dxc4 6. Qxc4 O-O 7. e4 Bg4 8.
Be3 Nfd7 9. Qb3 Nb6 10. O-O-O Qc8 11. h3 Bxf3 12. gxf3 N8d7 13. h4 c5 14. d5
Re8 15. h5 Qc7 16. f4 c4 17. Qc2 Rac8 18. hxg6 hxg6 19. f3 Nc5 20. e5 Red8 21.
Kb1 Nd3 22. Bxd3 cxd3 23. Qxd3 Qc4 24. Qd2 Na4 25. Nxa4 Qxa4 26. Qh2 Qb5 27. f5
Rxd5 28. Rxd5 Qxd5 29. Qh7+ Kf8 30. Bh6 Ke8 31. Qg8+ Kd7 32. e6+ fxe6 33. fxe6+
1-0

[Event "First Saturday Tournament Budapest"]
[Site "Budapest"]
[Date "2012.06.03"]
[Round "2.3"]
[White "To, Nhat Minh"]
[Black "Kojima, Shinya"]
[Result "1-0"]
[WhiteElo "2298"]
[BlackElo "2264"]
[PlyCount "63"]
[EventDate "2012.06.02"]

1. c4 Nf6 2. Nc3 e5 3. e3 Bb4 4. Nge2 O-O 5. a3 Bxc3 6. Nxc3 d5 7. cxd5 Nxd5 8.
Qc2 Nc6 9. Be2 Be6 10. O-O Qh4 11. b4 a6 12. Bb2 Rad8 13. Na4 Rd6 14. Nc5 Bc8
15. g3 Qh3 16. f3 f5 17. f4 exf4 18. exf4 Kh8 19. Rf2 Nf6 20. Bf1 Qh6 21. Re1
Rfd8 22. Rfe2 Qg6 23. Bg2 Ne8 24. Qc3 Nd4 25. Re7 b6 26. Nd3 Be6 27. Ne5 Qf6
28. Rxe8+ Rxe8 29. Qxc7 Red8 30. Nc6 Rxc6 31. Bxc6 Rc8 32. Qxc8+ 1-0

[Event "First Saturday Tournament Budapest"]
[Site "Budapest"]
[Date "2012.06.04"]
[Round "3.1"]
[White "Kojima, Shinya"]
[Black "Wang, Doudou"]
[Result "0-1"]
[WhiteElo "2264"]
[BlackElo "2130"]
[PlyCount "76"]
[EventDate "2012.06.02"]

1. Nf3 Nf6 2. c4 c5 3. Nc3 Nc6 4. d4 cxd4 5. Nxd4 e6 6. g3 Qb6 7. Nb3 Ne5 8. e4
Bb4 9. Qe2 d6 10. f4 Nc6 11. Be3 Qc7 12. Bd2 Qb6 13. O-O-O O-O 14. Kb1 a5 15.
Be3 Qa6 16. Nb5 Ne8 17. a4 b6 18. Qf2 Nb8 19. c5 dxc5 20. Nd6 Qa7 21. Nxc8 Qc7
22. Nxb6 Qxb6 23. Nxc5 Qc7 24. e5 Qe7 25. Bg2 Nc7 26. Bxa8 Nxa8 27. Nd3 Na6 28.
Nxb4 Qxb4 29. Rd4 Qb3 30. Bd2 Nb6 31. Bxa5 Nc4 32. Rxc4 Qxc4 33. Rc1 Qxa4 34.
Qd2 h6 35. Rc2 Rb8 36. Qc3 g6 37. Qd2 Rb7 38. Qd8+ Kh7 0-1

[Event "First Saturday Tournament Budapest"]
[Site "Budapest"]
[Date "2012.06.05"]
[Round "4.2"]
[White "To, Nhat Minh"]
[Black "Szeberenyi, Adam"]
[Result "1/2-1/2"]
[WhiteElo "2298"]
[BlackElo "2335"]
[PlyCount "34"]
[EventDate "2012.06.02"]

1. b3 e5 2. Bb2 Nc6 3. c4 g6 4. g3 Bg7 5. Bg2 Nge7 6. Nc3 d6 7. a3 Be6 8. Nd5
O-O 9. b4 Qd7 10. e3 f5 11. d3 Rae8 12. Ne2 Nd8 13. Qb3 Kh8 14. O-O g5 15. f4
gxf4 16. exf4 Ng6 17. b5 Bg8 1/2-1/2

[Event "First Saturday Tournament Budapest"]
[Site "Budapest"]
[Date "2012.06.06"]
[Round "5.1"]
[White "Galyas, Miklos"]
[Black "Wang, Doudou"]
[Result "1-0"]
[WhiteElo "2403"]
[BlackElo "2130"]
[PlyCount "65"]
[EventDate "2012.06.02"]

1. d4 Nf6 2. c4 g6 3. Nc3 Bg7 4. e4 d6 5. Nf3 O-O 6. h3 c5 7. d5 e6 8. Bd3 exd5
9. exd5 Re8+ 10. Be3 Nfd7 11. O-O Ne5 12. Nxe5 Bxe5 13. Qd2 f5 14. Rae1 Bd7 15.
Bg5 Qa5 16. Kh1 Na6 17. f4 Bd4 18. Rxe8+ Rxe8 19. Re1 Qc7 20. Nb5 Bxb5 21. cxb5
Rxe1+ 22. Qxe1 Nb4 23. Qe8+ Kg7 24. Be7 h6 25. Qf8+ Kh7 26. Bxd6 Qg7 27. Bc4
Qxf8 28. Bxf8 b6 29. Bd6 Nc2 30. b3 Ne3 31. Bc7 Nxc4 32. bxc4 Be3 33. g3 1-0

[Event "First Saturday Tournament Budapest"]
[Site "Budapest"]
[Date "2012.06.06"]
[Round "5.2"]
[White "Szeberenyi, Adam"]
[Black "Kojima, Shinya"]
[Result "0-1"]
[WhiteElo "2335"]
[BlackElo "2264"]
[PlyCount "74"]
[EventDate "2012.06.02"]

1. d4 Nf6 2. Nf3 e6 3. c4 d5 4. Nc3 Bb4 5. Bg5 h6 6. Bxf6 Qxf6 7. cxd5 exd5 8.
Qb3 c5 9. dxc5 Bxc3+ 10. Qxc3 Qxc3+ 11. bxc3 Na6 12. Rd1 Be6 13. Nd4 Nxc5 14.
e3 Rc8 15. Nxe6 Nxe6 16. Rxd5 Rxc3 17. Bb5+ Ke7 18. Rd7+ Kf6 19. O-O a6 20. Ba4
Nc5 21. Rd6+ Ke7 22. Rd4 Rd8 23. Bd1 Rxd4 24. exd4 Ne6 25. Bf3 b5 26. Rd1 Kd6
27. Be4 Rc4 28. Bb7 a5 29. d5 Nc5 30. Bc6 b4 31. f3 Rc2 32. Ra1 Nd3 33. Bb5
Rc1+ 34. Rxc1 Nxc1 35. Bc4 a4 36. Kf1 b3 37. axb3 axb3 0-1

[Event "First Saturday Tournament Budapest"]
[Site "Budapest"]
[Date "2012.06.06"]
[Round "5.3"]
[White "Wang, Xinyue"]
[Black "To, Nhat Minh"]
[Result "1/2-1/2"]
[WhiteElo "2041"]
[BlackElo "2298"]
[PlyCount "101"]
[EventDate "2012.06.02"]

1. d4 d5 2. c4 c6 3. Nc3 Nf6 4. e3 g6 5. Nf3 Bg7 6. Bd3 O-O 7. O-O Bg4 8. h3
Bxf3 9. Qxf3 e6 10. cxd5 cxd5 11. b4 Nbd7 12. a4 Rc8 13. Bd2 Nb6 14. Qe2 Ne8
15. f4 Nc4 16. Be1 Ned6 17. g4 f5 18. Nb1 a6 19. Nd2 b5 20. axb5 axb5 21. Nb3
Ra8 22. Bf2 Qc7 23. Nc5 Kf7 24. Ra2 Ra7 25. Rfa1 Rfa8 26. Qc2 Bf6 27. Qb1 Ne4
28. Bxe4 dxe4 29. Rxa7 Rxa7 30. Ra2 g5 31. gxf5 exf5 32. Rxa7 Qxa7 33. Nxe4
fxe4 34. Qxe4 Kg7 35. fxg5 Bd8 36. Qf5 Qe7 37. Qxb5 Nxe3 38. h4 Ng4 39. Qf5 Qe2
40. h5 Qxf2+ 41. Qxf2 Nxf2 42. Kxf2 Bxg5 43. Kf3 Kf7 44. Kg4 Be3 45. d5 Ke7 46.
Kf5 Kd6 47. Ke4 Bg1 48. b5 h6 49. b6 Bxb6 50. Kf3 Kxd5 51. Kg2 1/2-1/2

[Event "First Saturday Tournament Budapest"]
[Site "Budapest"]
[Date "2012.06.08"]
[Round "6.1"]
[White "Wang, Doudou"]
[Black "To, Nhat Minh"]
[Result "1-0"]
[WhiteElo "2130"]
[BlackElo "2298"]
[PlyCount "103"]
[EventDate "2012.06.02"]

1. d4 d5 2. c4 c6 3. Nc3 Nf6 4. Nf3 dxc4 5. a4 Bf5 6. Ne5 Nbd7 7. Nxc4 Nb6 8.
Ne5 a5 9. e3 g6 10. Bd3 Be6 11. O-O Bg7 12. f4 O-O 13. Ne2 Nfd5 14. e4 Nb4 15.
Bb1 f6 16. Nf3 Nc4 17. f5 Bf7 18. Nf4 Qd6 19. b3 Nb6 20. fxg6 hxg6 21. Be3 Rad8
22. Qe1 g5 23. e5 Qd7 24. Nd3 N6d5 25. Bd2 Nxd3 26. Bxd3 g4 27. Ng5 fxg5 28.
Qe4 Nf6 29. exf6 Qxd4+ 30. Qxd4 Rxd4 31. fxg7 Rfd8 32. Bxa5 Rxd3 33. Bxd8 Rxd8
34. Rf5 Rd5 35. Rxd5 Bxd5 36. b4 Kxg7 37. Kf2 Kf6 38. Kg3 e5 39. Rf1+ Ke6 40.
Kxg4 Bxg2 41. Rf2 Be4 42. Kxg5 Kd5 43. h4 Kc4 44. h5 Kxb4 45. h6 c5 46. Rf5
Bxf5 47. Kxf5 c4 48. h7 c3 49. h8=Q c2 50. Qc8 Kb3 51. Qxb7+ Kxa4 52. Qb2 1-0

[Event "First Saturday Tournament Budapest"]
[Site "Budapest"]
[Date "2012.06.08"]
[Round "6.2"]
[White "Wang, Xinyue"]
[Black "Kojima, Shinya"]
[Result "0-1"]
[WhiteElo "2041"]
[BlackElo "2264"]
[PlyCount "38"]
[EventDate "2012.06.02"]

1. Nf3 Nf6 2. g3 d5 3. Bg2 c6 4. O-O Bg4 5. d3 Nbd7 6. Nbd2 e5 7. h3 Bh5 8. g4
Bg6 9. Nh4 Bc5 10. Nxg6 hxg6 11. c4 dxc4 12. dxc4 Nxg4 13. hxg4 Qh4 14. Nf3
Qxg4 15. e4 Rh5 16. a3 O-O-O 17. b4 Rdh8 18. Nh2 Qh4 19. Ng4 Qg3 0-1

[Event "First Saturday Tournament Budapest"]
[Site "Budapest"]
[Date "2012.06.08"]
[Round "6.3"]
[White "Szeberenyi, Adam"]
[Black "Galyas, Miklos"]
[Result "1/2-1/2"]
[WhiteElo "2335"]
[BlackElo "2403"]
[PlyCount "49"]
[EventDate "2012.06.02"]

1. e4 e5 2. Nf3 Nc6 3. Bb5 a6 4. Ba4 Nf6 5. O-O Be7 6. Re1 b5 7. Bb3 d6 8. c3
O-O 9. h3 Na5 10. Bc2 c5 11. d4 Nd7 12. Nbd2 exd4 13. cxd4 Nc6 14. d5 Nce5 15.
Nxe5 Nxe5 16. a4 Rb8 17. axb5 axb5 18. f4 Ng6 19. Nf3 Bh4 20. Nxh4 Qxh4 21. f5
Ne5 22. Rf1 Bd7 23. Bf4 Ra8 24. Qd2 Qe7 25. b3 1/2-1/2

[Event "First Saturday Tournament Budapest"]
[Site "Budapest"]
[Date "2012.06.09"]
[Round "7.1"]
[White "Szeberenyi, Adam"]
[Black "Wang, Doudou"]
[Result "1/2-1/2"]
[WhiteElo "2335"]
[BlackElo "2130"]
[PlyCount "75"]
[EventDate "2012.06.02"]

1. d4 Nf6 2. Nf3 b5 3. Bg5 Bb7 4. e3 a6 5. Nbd2 d5 6. Bxf6 exf6 7. Bd3 Be7 8.
c3 Nd7 9. O-O O-O 10. Qc2 g6 11. e4 dxe4 12. Bxe4 Bxe4 13. Nxe4 Nb6 14. Rfe1
Re8 15. Re2 Kg7 16. Rae1 Bf8 17. h4 f5 18. Neg5 Rxe2 19. Qxe2 Qd5 20. Qe5+ Qxe5
21. Nxe5 f6 22. Ne6+ Kg8 23. Nc6 Re8 24. Kf1 Bd6 25. Nc5 Rxe1+ 26. Kxe1 Bxc5
27. dxc5 Na4 28. Ne7+ Kf7 29. Nd5 c6 30. Nb4 Nxb2 31. Nxa6 Ke6 32. Nb4 Na4 33.
Nxc6 Kd5 34. Nd4 Kxc5 35. Kd2 Kc4 36. Ne2 Nb6 37. Ke3 Kc5 38. Kd3 1/2-1/2

[Event "First Saturday Tournament Budapest"]
[Site "Budapest"]
[Date "2012.06.09"]
[Round "7.3"]
[White "Kojima, Shinya"]
[Black "To, Nhat Minh"]
[Result "1-0"]
[WhiteElo "2264"]
[BlackElo "2298"]
[PlyCount "63"]
[EventDate "2012.06.02"]

1. Nf3 d5 2. d4 Nf6 3. c4 c6 4. Nc3 dxc4 5. a4 Bf5 6. e3 e6 7. Bxc4 Bb4 8. O-O
Nbd7 9. Qe2 Bg4 10. h3 Bh5 11. Rd1 O-O 12. e4 h6 13. Bf4 Qa5 14. Rac1 Rfe8 15.
g4 Bg6 16. Bd3 Rac8 17. Nd2 Qd8 18. Nc4 Nb6 19. Ne5 Bh7 20. Na2 Qe7 21. Nxb4
Qxb4 22. a5 Qxa5 23. Bd2 Qa4 24. Bc3 Qb3 25. Bc2 Qb5 26. Bd3 Qb3 27. Ra1 Na4
28. Be1 b5 29. Rdb1 Nxe4 30. Bxe4 Bxe4 31. Qxe4 Qxh3 32. b3 1-0

[Event "First Saturday Tournament Budapest"]
[Site "Budapest"]
[Date "2012.06.10"]
[Round "8.1"]
[White "Wang, Doudou"]
[Black "Kojima, Shinya"]
[Result "1/2-1/2"]
[WhiteElo "2130"]
[BlackElo "2264"]
[PlyCount "77"]
[EventDate "2012.06.02"]

1. d4 Nf6 2. c4 e6 3. Nf3 d5 4. cxd5 exd5 5. Nc3 Bb4 6. Qa4+ Nc6 7. Bg5 h6 8.
Bxf6 Qxf6 9. e3 O-O 10. Be2 Rd8 11. O-O Bf5 12. Rac1 a6 13. Qb3 Be6 14. Na4 Bd6
15. Nc5 Bc8 16. Kh1 Ne7 17. e4 Bxc5 18. e5 Qb6 19. Rxc5 Qxb3 20. axb3 c6 21. h3
Ng6 22. Rd1 Nf4 23. Bf1 Bf5 24. Kh2 Be4 25. Ne1 a5 26. f3 Bg6 27. Rc3 Ne6 28.
g3 Rac8 29. Bd3 Bxd3 30. Rcxd3 Ra8 31. f4 Ra6 32. Rc3 Rb6 33. Nc2 Ra8 34. Ra1
Nc7 35. Kg2 Rb5 36. Ne3 Rb6 37. Nc2 Rb5 38. Na3 Rb6 39. Nc2 1/2-1/2

[Event "First Saturday Tournament Budapest"]
[Site "Budapest"]
[Date "2012.06.11"]
[Round "9.1"]
[White "Wang, Xinyue"]
[Black "Wang, Doudou"]
[Result "0-1"]
[WhiteElo "2041"]
[BlackElo "2130"]
[PlyCount "60"]
[EventDate "2012.06.02"]

1. e4 c5 2. Nf3 Nc6 3. d4 cxd4 4. Nxd4 Nf6 5. Nc3 e5 6. Ndb5 d6 7. Bg5 a6 8.
Bxf6 gxf6 9. Na3 b5 10. Nd5 Bg7 11. c3 f5 12. exf5 Bxf5 13. Qf3 Bd7 14. Bd3 O-O
15. g4 Rb8 16. Nc2 b4 17. Nce3 bxc3 18. bxc3 Qh4 19. Be4 Rb2 20. Nf5 Bxf5 21.
Qxf5 Nd8 22. g5 Ne6 23. Rg1 Nc5 24. Rg4 Qxh2 25. Nf6+ Kh8 26. O-O-O Nxe4 27.
Kxb2 Qxf2+ 28. Qxf2 Nxf2 29. Rxd6 Bxf6 30. Rxf6 Nxg4 0-1

[Event "First Saturday Tournament Budapest"]
[Site "Budapest"]
[Date "2012.06.11"]
[Round "9.2"]
[White "Szeberenyi, Adam"]
[Black "To, Nhat Minh"]
[Result "1-0"]
[WhiteElo "2335"]
[BlackElo "2298"]
[PlyCount "53"]
[EventDate "2012.06.02"]

1. d4 Nf6 2. Nf3 g6 3. c4 Bg7 4. Nc3 d5 5. Bf4 O-O 6. Rc1 dxc4 7. e3 Be6 8. Ng5
Bd5 9. Nxd5 Nxd5 10. Bxc4 Nxf4 11. Qf3 e6 12. Qxf4 c5 13. dxc5 Qa5+ 14. Ke2 Nc6
15. Rhd1 Bxb2 16. Rc2 Bg7 17. Rd7 Ne5 18. Rxb7 Qxc5 19. Nxe6 Qc6 20. Rc7 Qb6
21. Nxf8 Qxc7 22. Ne6 Qd6 23. Qd4 Qe7 24. Nxg7 Rd8 25. Bd5 Qd6 26. Ne6 Qa6+ 27.
Bc4 1-0

[Event "First Saturday Tournament Budapest"]
[Site "Budapest"]
[Date "2012.06.12"]
[Round "10.1"]
[White "Wang, Doudou"]
[Black "Galyas, Miklos"]
[Result "0-1"]
[WhiteElo "2130"]
[BlackElo "2403"]
[PlyCount "44"]
[EventDate "2012.06.02"]

1. d4 f5 2. Bf4 Nf6 3. e3 g6 4. h4 h6 5. c4 d6 6. Nc3 Bg7 7. Bd3 Nc6 8. Nf3 Nh5
9. d5 e5 10. g4 Nxf4 11. exf4 e4 12. Bb1 exf3 13. dxc6 Qe7+ 14. Kd2 O-O 15.
cxb7 Bxb7 16. gxf5 Qf6 17. Kc1 Rab8 18. Qd2 gxf5 19. Bd3 Be4 20. Kc2 Qd4 21.
Bxe4 Rxb2+ 22. Kxb2 Qxd2+ 0-1

[Event "First Saturday Tournament Budapest"]
[Site "Budapest"]
[Date "2012.06.12"]
[Round "10.2"]
[White "Kojima, Shinya"]
[Black "Szeberenyi, Adam"]
[Result "1/2-1/2"]
[WhiteElo "2264"]
[BlackElo "2335"]
[PlyCount "73"]
[EventDate "2012.06.02"]

1. Nf3 c5 2. c4 Nc6 3. d4 cxd4 4. Nxd4 Nf6 5. g3 e6 6. Bg2 Qb6 7. Nc2 Ne5 8. b3
Be7 9. O-O O-O 10. Bb2 d6 11. e4 Bd7 12. Ne3 Bc6 13. Nc3 Rfd8 14. Qe2 a5 15.
Rab1 a4 16. Kh1 axb3 17. axb3 Be8 18. f4 Nc6 19. Ncd5 exd5 20. exd5 Ra2 21.
dxc6 Bxc6 22. Nd5 Bxd5 23. cxd5 Re8 24. Qc4 Bd8 25. Bd4 Qa6 26. Rfe1 Rxe1+ 27.
Rxe1 Qxc4 28. bxc4 Rc2 29. Bf1 Kf8 30. Rb1 Ng4 31. Bg1 Nf2+ 32. Bxf2 Rxf2 33.
Kg1 Ra2 34. Rxb7 Bf6 35. Rb8+ Ke7 36. Rb7+ Kf8 37. Rb8+ 1/2-1/2